| 000 | 00660nam a2200193Ii 4500 | ||
|---|---|---|---|
| 003 | JO-AjNU | ||
| 008 | 230605s9999||||xx |||||||||||||| ||und|| | ||
| 040 |
_aJO-AjNU _bara _erda _cJO-AjNU |
||
| 041 | _aara | ||
| 050 | 1 | 4 | _aDS79.76.B39.2008 |
| 100 | 3 |
_aالفيضي، محمد بشار, _eauthor _964076 |
|
| 245 | 0 | 0 | _aبيانات هيئة علماء المسلمين في العراق، ج2 |
| 250 | _aط1 | ||
| 264 | 3 | 1 | _aعمان: دار الجيل العربي للطباعة والنشر والتوزيع، 2008 |
| 300 | _aج2: 477ص | ||
| 336 |
_atext _btxt _2rdacontent |
||
| 337 |
_aunmediated _bn _2rdamedia |
||
| 338 |
_avolume _bnc _2rdacarrier |
||
| 999 |
_aA29097 _c32665 _d32665 |
||